000 00535nam a2200181 a 4500
005 20210219152956.0
008 991125n 000 0 spa u
035 _aUPN01000070144
100 _aGARCIA MARTIN, Vicente
222 _aREVISTA ESPAÑOLA DE PEDAGOGIA
245 _aCriterios para la determinación del costo en los centros docentes
300 _a65-86
362 _a1988 Año 46, no. 179, ene.-abr.
653 0 _aCOSTOS EDUCATIVOS
653 0 _aINSTITUCIONES EDUCATIVAS
904 _aAC
_b007955
905 _aArticulo
999 _c65247
_d65247